| 000 | 00505nam a2200193Ia 4500 | ||
|---|---|---|---|
| 005 | 20240313111419.0 | ||
| 008 | 131103s9999 xx 000 0 und d | ||
| 040 | _aLoreto College | ||
| 041 | _aEnglish | ||
| 082 |
_a373 _bKOC |
||
| 100 | _aKochhar,S.K. | ||
| 245 |
_aSecondary School Administration, _cS.K.Kochhar |
||
| 250 | _arev.ed. | ||
| 260 |
_aNew Delhi _bSterling Publishing _c1970 (1993 printing) |
||
| 300 | _a468 p. | ||
| 650 | _aSecondary Education | ||
| 850 | _aLCLIB | ||
| 942 | _cBK | ||
| 999 |
_c10641 _d61120 |
||